| 000 | 00657nam a2200229Ia 4500 | ||
|---|---|---|---|
| 003 | OSt | ||
| 005 | 20220928104617.0 | ||
| 006 | a|||||r|||| 00| 0 | ||
| 007 | ta | ||
| 008 | 220927b |||||||| |||| 00| 0 eng d | ||
| 024 | _a34852 | ||
| 037 | _cTextual | ||
| 040 |
_aSDCL _cSDCL _beng |
||
| 041 |
_2eng _aeng |
||
| 082 | _aT4.2'N7, L9 | ||
| 100 |
_aSrivastava Anand P _9392672 |
||
| 245 | 0 |
_aPathology of higher education _b Some cahallenge before university faculty. |
|
| 260 |
_aKanpur _bReprint Publishers _c1979 |
||
| 300 |
_a294p. _ccm. |
||
| 942 |
_hT4.2'N7, L9 _cTEXL _2CC |
||
| 999 |
_c726987 _d726987 |
||